Načítá se...

Rome and the mediterranean /

Podrobná bibliografie
Další autoři: Livy
Médium: Printed Book
Jazyk:English
Vydáno: Harmondsworth: Penguin, 1976.
Témata:
LEADER 00611cam a2200217ua 4500
008 110818t1976||||||||||| 00 ||eng c
041 0 |a eng 
082 |a 937  |b LIV/R 
245 0 0 |a Rome and the mediterranean /  
260 |a Harmondsworth:  |b Penguin,  |c 1976. 
300 |a 699p.. 
362 1 |a 1976. 
650 |a History 
650 0 |a Rome 
650 0 |a Macedonian War 
650 0 |a Gauls arrive in Asia 
650 0 |a Eumenes in Rome 
700 0 2 |a Livy,  
942 |c BK 
999 |c 30680  |d 30680 
952 |0 0  |1 0  |4 0  |6 937_000000000000000_LIV  |7 0  |9 32522  |a KUCL  |b KUCL  |d 2014-05-23  |l 0  |o 937 LIV/  |p 27032  |r 2014-05-23  |w 2014-05-23  |y BK